| 000 | 00905cad a22001935a 4500 | ||
|---|---|---|---|
| 001 | L156476 | ||
| 008 | 120528e20120519xxk 000 0 eng d | ||
| 035 | _a(Sirsi) u156476 | ||
| 041 | 0 | _aeng | |
| 100 | 1 | _aPilkington, Lisa | |
| 245 | 0 | 0 |
_aFocus _bScotland |
| 260 | _c2012 | ||
| 490 |
_aEstates Gazette _v(1220) 19 May 2012, 65-83(15) |
||
| 520 | _aOffice rents in Aberdeen reflect supply and demand levels from energy and technology companies. Assesses the impact the location of the Green Investment Bank to Edinburgh will have on the city's office market. Examines funding issues for Grade A office development in locations across Scotland and the Caltongate scheme in Edinburgh. Market health check on office, industrial and retail take-up, availability and rents in Edinburgh, Glasgow and Aberdeen. | ||
| 590 | _aKA | ||
| 651 | 4 | _aScotland | |
| 690 |
_aCommercial property _96227 |
||
| 942 | _n0 | ||
| 999 |
_c84034 _d84034 |
||